<?xml version="1.0" encoding="UTF-8"?>
<record
    xmlns:xsi="http://www.w3.org/2001/XMLSchema-instance"
    xsi:schemaLocation="http://www.loc.gov/MARC21/slim http://www.loc.gov/standards/marcxml/schema/MARC21slim.xsd"
    xmlns="http://www.loc.gov/MARC21/slim">

  <leader>00754nam a22001577a 4500</leader>
  <controlfield tag="003">OSt</controlfield>
  <controlfield tag="005">20150913113608.0</controlfield>
  <controlfield tag="008">150913b        xxu||||| |||| 00| 0 eng d</controlfield>
  <datafield tag="040" ind1=" " ind2=" ">
    <subfield code="c">RUA</subfield>
  </datafield>
  <datafield tag="082" ind1=" " ind2=" ">
    <subfield code="a">AGR KOL 1998 B021 Or.1</subfield>
  </datafield>
  <datafield tag="100" ind1=" " ind2=" ">
    <subfield code="9">388</subfield>
    <subfield code="a">KOL, LYNA.</subfield>
  </datafield>
  <datafield tag="245" ind1=" " ind2=" ">
    <subfield code="a">The economix impact of sitophilus xeamais on stock of yellow corn in the warehouses around phnom penh &#x17A5;&#x1791;&#x17D2;&#x1792;&#x17B7;&#x1796;&#x179B;&#x179F;&#x17C1;&#x178A;&#x17D2;&#x178B;&#x1780;&#x17B7;&#x1785;&#x17D2;&#x1785;&#x179A;&#x1794;&#x179F;&#x17CB;&#x1781;&#x17D2;&#x1798;&#x17BC;&#x178F;&#x200B;SITOPHILUS ZEAMAIS &#x1791;&#x17C5;&#x179B;&#x17BE;&#x1780;&#x17B6;&#x179A;&#x179F;&#x17D2;&#x178A;&#x17BB;&#x1780;&#x1782;&#x17D2;&#x179A;&#x17B6;&#x1794;&#x17CB;&#x1796;&#x17C4;&#x178F;&#x1780;&#x17D2;&#x179A;&#x17A0;&#x1798;&#x1793;&#x17C5;&#x178F;&#x17B6;&#x1798;&#x1794;&#x178E;&#x17D2;&#x178A;&#x17B6;&#x1783;&#x17D2;&#x179B;&#x17B6;&#x17C6;&#x1784;&#x1793;&#x17B6;&#x1793;&#x17B6;&#x1787;&#x17BB;&#x17C6;&#x179C;&#x17B7;&#x1789;&#x179A;&#x17B6;&#x1787;&#x1792;&#x17B6;&#x1793;&#x17B8;&#x1797;&#x17D2;&#x1793;&#x17C6;&#x1796;&#x17C1;&#x1789;</subfield>
  </datafield>
  <datafield tag="260" ind1=" " ind2=" ">
    <subfield code="a">Phnom Penh</subfield>
    <subfield code="b">RUA</subfield>
    <subfield code="c">1998</subfield>
  </datafield>
  <datafield tag="300" ind1=" " ind2=" ">
    <subfield code="a">68p.</subfield>
    <subfield code="b">ill.</subfield>
    <subfield code="c">29cm.</subfield>
  </datafield>
  <datafield tag="942" ind1=" " ind2=" ">
    <subfield code="2">ddc</subfield>
    <subfield code="c">AGR</subfield>
  </datafield>
  <datafield tag="999" ind1=" " ind2=" ">
    <subfield code="c">367</subfield>
    <subfield code="d">367</subfield>
  </datafield>
  <datafield tag="952" ind1=" " ind2=" ">
    <subfield code="0">0</subfield>
    <subfield code="1">0</subfield>
    <subfield code="2">ddc</subfield>
    <subfield code="4">0</subfield>
    <subfield code="6">AGR_KOL_1998_000000000000000_B021_OR_1</subfield>
    <subfield code="7">0</subfield>
    <subfield code="9">1713</subfield>
    <subfield code="a">LBB</subfield>
    <subfield code="b">LBB</subfield>
    <subfield code="c">B019</subfield>
    <subfield code="d">2015-09-13</subfield>
    <subfield code="o">AGR KOL 1998 B021 Or.1</subfield>
    <subfield code="p">RUA003147</subfield>
    <subfield code="r">2015-09-13</subfield>
    <subfield code="w">2015-09-13</subfield>
    <subfield code="y">AGR</subfield>
  </datafield>
  <datafield tag="952" ind1=" " ind2=" ">
    <subfield code="0">0</subfield>
    <subfield code="1">0</subfield>
    <subfield code="2">ddc</subfield>
    <subfield code="4">0</subfield>
    <subfield code="6">AGR_KOL_1998_000000000000000_B021_OR_2</subfield>
    <subfield code="7">0</subfield>
    <subfield code="9">1714</subfield>
    <subfield code="a">LBB</subfield>
    <subfield code="b">LBB</subfield>
    <subfield code="c">B019</subfield>
    <subfield code="d">2015-09-13</subfield>
    <subfield code="o">AGR KOL 1998 B021 Or.2</subfield>
    <subfield code="p">RUA003148</subfield>
    <subfield code="r">2015-09-13</subfield>
    <subfield code="w">2015-09-13</subfield>
    <subfield code="y">AGR</subfield>
  </datafield>
  <datafield tag="952" ind1=" " ind2=" ">
    <subfield code="0">0</subfield>
    <subfield code="1">0</subfield>
    <subfield code="2">ddc</subfield>
    <subfield code="4">0</subfield>
    <subfield code="6">AGR_KOL_1998_000000000000000_B021_OR_3</subfield>
    <subfield code="7">0</subfield>
    <subfield code="9">1715</subfield>
    <subfield code="a">LBB</subfield>
    <subfield code="b">LBB</subfield>
    <subfield code="c">B019</subfield>
    <subfield code="d">2015-09-13</subfield>
    <subfield code="o">AGR KOL 1998 B021 Or.3</subfield>
    <subfield code="p">RUA003265</subfield>
    <subfield code="r">2015-09-13</subfield>
    <subfield code="w">2015-09-13</subfield>
    <subfield code="y">AGR</subfield>
  </datafield>
  <datafield tag="952" ind1=" " ind2=" ">
    <subfield code="0">0</subfield>
    <subfield code="1">0</subfield>
    <subfield code="2">ddc</subfield>
    <subfield code="4">0</subfield>
    <subfield code="6">AGR_KOL_1998_000000000000000_B021_OR_4</subfield>
    <subfield code="7">0</subfield>
    <subfield code="9">1716</subfield>
    <subfield code="a">LBB</subfield>
    <subfield code="b">LBB</subfield>
    <subfield code="c">B019</subfield>
    <subfield code="d">2015-09-13</subfield>
    <subfield code="o">AGR KOL 1998 B021 Or.4</subfield>
    <subfield code="p">RUA003121</subfield>
    <subfield code="r">2015-09-13</subfield>
    <subfield code="w">2015-09-13</subfield>
    <subfield code="y">AGR</subfield>
  </datafield>
  <datafield tag="952" ind1=" " ind2=" ">
    <subfield code="0">0</subfield>
    <subfield code="1">0</subfield>
    <subfield code="2">ddc</subfield>
    <subfield code="4">0</subfield>
    <subfield code="6">AGR_KOL_1998_000000000000000_B021_OR_5</subfield>
    <subfield code="7">0</subfield>
    <subfield code="9">6538</subfield>
    <subfield code="a">LBB</subfield>
    <subfield code="b">LBB</subfield>
    <subfield code="c">B021</subfield>
    <subfield code="d">2015-09-29</subfield>
    <subfield code="o">AGR KOL 1998 B021 Or.5</subfield>
    <subfield code="p">RUA008954</subfield>
    <subfield code="r">2015-09-29</subfield>
    <subfield code="w">2015-09-29</subfield>
    <subfield code="y">AGR</subfield>
  </datafield>
</record>
